Регионална библиотека "Любен Каравелов" - Русе

Chocolate (Запис номер 130352)

MARC детайли
000 -Лидер
Контролно поле с фиксирана дължина 01370nam a2200397 c 4500
003 - Код на организацията, давaща контролен номер
Контролно поле BLK
005 - Дата и час на последна редакция
Контролно поле 20240708110553.0
008 - Елементи от данни с фиксирана дължина
fixed length control field 180409b bul|||||r ||||||| ||bul||
010 ## - Наследен системен номер
LC control number KNG00136117000
020 ## - Международен стандартен номер на книга ISBN
Международен стандартен номер на книга ISBN 978-0-19-478730-7
-- издат.: Oxford Univ. Press
040 ## - Източник на каталожния запис
Идентификатор на билиотеката - собственик на записа BLK
041 ## - Код за език
Код за езика на текст/звукозапис или на отделно заглавие Английски
Код за езика КДБФ Английски
072 #7 - Код за тематичната категория
Код организация bullib
Код за тематична категория Н80
Текст Езикознание Н
080 ## - УДК
Текстов определител УДК Английски език
УДК код - определител по УДК 811.111
УДК определител (075.4)
УДК - код + определител 811.111(075.4)
080 ## - УДК
Текстов определител УДК Какао. Шоколад
УДК код - определител по УДК 663.91
УДК определител (02.062)
УДК - код + определител 663.91(02.062)
100 1# - Редна дума - Автор
Автор Hardy-Gould, Janet
Авторска отговорност първи автор
R(LIN) 12395
139 ## - Редно поле
Редна дума Hardy-Gould, Janet
Авторски знак Hard - H 25
245 10 - Сведения за заглавието
Заглавие Chocolate
Подзаглавни данни Stage 2
Редно поле (дума) Janet Hardy-Gould.
257 ## - Страна на издаване
Страна на създаване/издаване Великобритания
260 ## - Област на издателските данни
-- Oxford
Име на издателя, разпространителя и проч. Oxford Univ. Press
Година на издаване 2011
Печатница Print. in China
300 ## - Физическа характеристика
Страници 56 p.
Илюстрации и др. il.
Размери/Мащаб 20 см
Съпровождащи материали CD
380 ## - Жанр
Жанр Езикознание. Филология
490 1# - СЕРИИ (Колекции)
Име на серия Factfiles
500 ## - Общи забележки
Забележка CD със сигн. Цб CD 3209 и инв. № 4904
650 #4 - Допълнително описание по предмет – тема
Основно описание – тема или топоним Английски език - текстове, адаптирани
9 (RLIN) 241528
653 ## - Ключова дума – ненормативна
Ключова дума английски език
653 ## - Ключова дума – ненормативна
Ключова дума адаптирани книги
653 ## - Ключова дума – ненормативна
Ключова дума шоколад
659 ## - Тематичен бюлетин
Тематичен бюлетин Н
852 ## - Местоположение
Форматна сигнатура Цб 257047
856 4# - Електронен адрес и достъп
Електронен формат pdf - файл
Път до файла /url/
856 4# - Електронен адрес и достъп
Електронен формат pdf - файл
Път до файла /url/
942 ## - АРТИКУЛИ
Вид на библиотечния материал Книги
Скрит в OPAC Не
Koha issues (borrowed), all copies 7
944 ## - СЪЗДАВАНЕ И РЕДАКЦИЯ на ЗАПИСА
Създаване/Редакция Създаване
Дата на регистрацията/редакция 13.11.2012
Служител, извършил регистрацията/редакцията 30556
Статус, дата на статуса Теодора Пейчева-Дянкова
944 ## - СЪЗДАВАНЕ И РЕДАКЦИЯ на ЗАПИСА
Създаване/Редакция Редакция
Дата на регистрацията/редакция 17.01.2013
Служител, извършил регистрацията/редакцията
999 ## - СИСТЕМНИ КОНТРОЛНИ НОМЕРА
Koha biblionumber 130352
Koha biblioitemnumber 130352
Наличности
Код за отписване Код за изгубен артикул Източник на класификационната схема Код за повреда Коз за рестрикции Код за отдаване Артикулен № Име на библиотеката - собственик Име на библиотеката, в която се намира в момента Статус (Текущо местоположение) Дата на вписване в системата Местоположение - отдел Цена в лева Инвентарен номер Систематично азбучна сигнатура Баркод Номер на екземпляра Цена в евро Служебна бележка Служебен тип на артикула
  Не е изгубен Universal Decimal Classification Не е повреден без рестрикции заемане за дома 211895 Регионална библиотека "Любен Каравелов" Русе Регионална библиотека "Любен Каравелов" Русе ЧЧЗО - англ. ез. - Британски съвет 2012-11-13 ЧЧЗО - англ. ез. - Британски съвет 10.34 120000760963 Ч3 802.0/Н 25 120000760963 1 5.29 Дост: DA Вид: А N: 21 Дата: 13.11.2012 Дата инв: 23.06.2015 Бележки инв: Ч32015 Книги
Vip Innovations Ltd, Rousse, Bulgaria 2025